00761nam a2200193 i 4500001000700000003000900007005001700016007000300033008004100036100003200077245008100109260008300190300004400273600003600317710005100353852002200404999001900426952012200445143303ES-MaACL20230906200757.0t|070214s1963 sp r ||||1| spa d1 aSerra Ruiz, Rafael.910565713aEl pensamiento social-político del cardenal Belluga / cRafael Serra Ruiz. aMurcia : bPatronato de Cultura de la Diputación, c1963 (fImp. Provincial) a8 h., 446 p., 3 h. de lám. ; c24 cm.14aBelluga y Moncada, Luis.9272852 aPatronato Provincial de Cultura (Murcia)96196 aES-MaACLjC-23946 c143303d143303 00104070aATENEOMbATENEOMcDEPO2d2008-01-17eSCl0oC-23946p1149098r2023-02-23 00:00:00w2023-02-23yMONOGRAFIA